The COORDINATION and development of forestry and forest industries in Sarawak

Bibliographic Details
Corporate Author: P. M. South and Moore
Format: Book
Published: Kuching, Sarawak : Forest Department , 1980
Subjects:

MARC

LEADER 00000cam a2200000 7i4500
001 0000001513
005 20010726.0
090 0 0 |a 634.90959522   |b COO 1980 
245 0 0 |a The COORDINATION and development of forestry and forest industries in Sarawak 
260 0 0 |a Kuching, Sarawak :   |b Forest Department ,   |c 1980 
300 |a v, 26 p. ;   |c 30 cm. 
650 0 0 |a Forests and forestry   |z Malaysia   |z Sarawak 
710 1 1 |a P. M. South and Moore 
998 |a JPSM 
999 |a 0000003928   |b Monograph   |c Open Shelf   |e Default branch